Datum a čas kvízu
36
Celkem bodů
Celkový počet nahraných bodů na tomto kvízu bez doplňovacích otázek.
5.
Pořadí na kvízu
Konečné umístění týmu na tomto kvízu.
Zaznamenané odpovědi
| # | Otázka | Odpověď | Body | Výsledky |
|---|---|---|---|---|
| 1. | "Po ___ společných letech plný... | třiceti | 1 | |
| 2. | Parlament jednoho evropského s... | Spojené království (Velká Británie) | 1 | |
| 3. | Česká televize zveřejnila jmén... | Chili | 1 | |
| 4. | Abstraktní obraz Conception/Da... | František Kupka | 1 | |
| 5. | Při závodě třídy Moto3 ve Velk... | snažil se nastartovat soupeřovu motorku | 1 | |
| 6. | Jihoafrická republika má de fa... | Kapské město; Bloemfontein | 0.5 | |
| 7. | Chemický prvek hafnium dostal... | o Kodaň | 0 | |
| 8. | Nyní vám dáme na výběr, zda si... | Windhoek; Manila | 0.5 | |
| 9. | Které malebné hlavní město lež... | Tallinn | 0 | |
| 10. | Napište, které hlavní město (s... | Reykjavík; Wellington | 0.5 |